| 000 -LEADER |
| fixed length control field |
00745nam a22001337a 4500 |
| 040 ## - CATALOGING SOURCE |
| Transcribing agency |
RUA |
| 082 ## - DEWEY DECIMAL CLASSIFICATION NUMBER |
| Classification number |
AVM LIM 2013 B111 Or.1 |
| 100 ## - MAIN ENTRY--AUTHOR NAME |
| Personal name |
LIM, CHEAVCHHAY. |
| 245 ## - TITLE STATEMENT |
| Title |
Effect of ivermectin 1% and bivermectin 0.25% for worming of toxocata canis of dog at khan russeykeo phnom penh, ការសិក្សាពីប្រសិទ្ធភាព ivermictin 1% និង bivermectin 0.25% លើការទំលាក់បរាសិត toxocara canis លើសុនខ នៅខ័ណ្ឌឬស្សី រាជធានីភ្នំពេញ |
| 260 ## - PUBLICATION, DISTRIBUTION, ETC. (IMPRINT) |
| Place of publication |
Phnom penh |
| Name of publisher |
RUA |
| Year of publication |
2013 |
| 300 ## - PHYSICAL DESCRIPTION |
| Number of Pages |
xi; 68p. |
| Other physical details |
ill. |
| Dimensions |
29cm. |
| 856 ## - ELECTRONIC LOCATION AND ACCESS |
| Uniform Resource Identifier |
https://drive.google.com/file/d/1aF2b5qnuYkygG7nZ_wMzpVMCVFQBO1B4/view?usp=sharing |
| 942 ## - ADDED ENTRY ELEMENTS (KOHA) |
| Koha item type |
AVM |
| 952 ## - LOCATION AND ITEM INFORMATION (KOHA) |
| Withdrawn status [LOCAL, KOHA] |
0 |
| 952 ## - LOCATION AND ITEM INFORMATION (KOHA) |
| Withdrawn status [LOCAL, KOHA] |
0 |
| 952 ## - LOCATION AND ITEM INFORMATION (KOHA) |
| Withdrawn status [LOCAL, KOHA] |
0 |
| 952 ## - LOCATION AND ITEM INFORMATION (KOHA) |
| Withdrawn status [LOCAL, KOHA] |
0 |
| 952 ## - LOCATION AND ITEM INFORMATION (KOHA) |
| Withdrawn status [LOCAL, KOHA] |
0 |
| 952 ## - LOCATION AND ITEM INFORMATION (KOHA) |
| Withdrawn status [LOCAL, KOHA] |
0 |
| 952 ## - LOCATION AND ITEM INFORMATION (KOHA) |
| Withdrawn status [LOCAL, KOHA] |
0 |
| 952 ## - LOCATION AND ITEM INFORMATION (KOHA) |
| Withdrawn status [LOCAL, KOHA] |
0 |